| 000 | 00671nam a2200229 i 4500 | ||
|---|---|---|---|
| 003 | OSt | ||
| 005 | 20210520104108.0 | ||
| 008 | 210520s2012 my g a000 f may d | ||
| 020 |
_a9789834608026 _qpaperback |
||
| 040 |
_aPPAK _beng _cPPAK _erda |
||
| 082 | 0 | 4 |
_223 _a899.2333 |
| 090 | 0 | 0 |
_a899.2333 _bAZM _dKAO |
| 100 | 0 |
_aAzmi Iskandar Merican, _eauthor. |
|
| 245 | 1 | 0 |
_aAci PATMABI / _cAZMI ISKANDAR MERICAN |
| 264 | 1 |
_aBukit Mertajam, Pulau Pinang : _bDewan Bahasa dan Pustaka, _c2012 |
|
| 300 |
_a316 pages : _c18 cm |
||
| 336 |
_2rdacontent _atext |
||
| 337 |
_2rdamedia _aunmediated |
||
| 338 |
_2rdacarrier _avolume |
||
| 650 | 1 | 0 | _aMalay fiction |
| 942 |
_2ddc _cB |
||
| 999 |
_c184012 _d184012 |
||